000 03391cgm a2200793 a 4500
003 data
005 20260322212015.0
007 data
008 data
010 _abe2009012034
019 _asky248237448
_asky248237448
020 _a9781419855122
020 _a1419855123
024 1 _a085391163145
028 4 2 _a116314
_bWarner Home Video
040 _dSKYRV
_dSKYRV
041 1 _aspa
_afre
_aspa
_bspa
_bfre
_bpor
_bspa
_heng
050 1 4 _aPN1995.9.A3
_bG666547 2007
082 0 4 _a791.43/72
099 _aDVD 885
245 1 4 _aThe goonies
_h[videorecording DVD] /
_cRichard Donner ... [et al.].
246 1 _iAt head of title:
_aSteven Spielberg presents.
260 _aBurbank, CA :
_bDistributed by Warner Home Video,
_cc2007,p1985.
300 _a1 videodisc (114 min.) :
_bdigital, col. ;
_c4 3/4 in.
490 1 _aWarner Bros. Family Entertainment.
500 _aDVD, region 1, widescreen (letterbox, enhanced) presentation; Dolby Digital 5.1 surround, Dolby Digital stereo. surround, Dolby Digital mono., dual-layer.
500 _aTitle from container.
500 _aOriginally released as a motion picture in 1985.
505 2 _aSpecial features: Commentary (with hidden video treasures) by director Richard Donner and selected cast members; outtakes; new featurette "The making of The goonies;" Cyndi Lauper "The goonies 'r' good enough" music video; theatrical trailer.
508 _aMusic, Dave Grusin.
511 1 _aSteven Antin, Mary Ellen Trainor, Joe Pantoliano, Corey Feldman, Josh Brolin, Ke-Huy Quan, Kerri Green, Lupe Ontiveros, Martha Plimpton, Newt Arnold, Robert Davi, Sean Astin, Anne Ramsey.
520 _aTwo kids find a treasure map just as they're about to lose their house. They and their friends go on a search for the treasure, but not without trouble from a few ne'er-do-wells.
521 8 _aMPAA rating: PG.
538 _aDVD, widescreen.
546 _aEnglish (Dolby 5.1, Dolby stereo. surround), dubbed French (Dolby stereo. surround) or dubbed Spanish (Dolby mono.) dialogue, English, French, Portuguese or Spanish subtitles; closed-captioned.
650 0 _aFriendship in children
_vDrama.
650 0 _aAdventure stories
_vDrama.
650 0 _aTreasure troves
_vDrama.
650 0 _aAmistad
_vTeatro.
650 0 _aAventuras
_vTeatro.
655 7 _aFeature films.
_2lcgft.
655 7 _aAction and adventure films.
_2lcgft.
655 7 _aThrillers (Motion pictures)
_2lcgft.
655 7 _aChildren's films.
_2lcgft.
655 7 _aVideo recordings for the hearing impaired.
_2lcgft.
655 0 _aDVD-Video discs.
700 1 _aDonner, Richard.
700 1 _aBernhard, Harvey,
_d1924-
700 1 _aSpielberg, Steven,
_d1946-
700 1 _aColumbus, Chris.
700 1 _aAntin, Steven,
_d1958-
700 1 _aTrainor, Mary Ellen.
700 1 _aPantoliano, Joe.
700 1 _aFeldman, Corey.
700 1 _aBrolin, Josh.
700 1 _aQuan, Jonathan Ke,
_d1971-
700 1 _aGreen, Kerri,
_d1967-
700 1 _aOntiveros, Lupe.
700 1 _aPlimpton, Martha,
_d1970-
700 1 _aArnold, Newt,
_d1922-2000.
700 1 _aDavi, Robert.
700 1 _aAstin, Sean.
700 1 _aRamsey, Anne,
_d1929-1988.
710 2 _aAmblin Entertainment (Firm)
710 2 _aWarner Bros. Pictures (1969- )
710 2 _aWarner Home Video (Firm)
830 0 _aWarner Bros. Family Entertainment.
001 data
999 _c314
_d314